Institut del Teatre : Postgrau Escena i Tecnologia Digital 2024/25 / Postgrau Escena i Tecnologia Digital 2024/25 /
Descripción Física:
1 tríptic : il·lustracions en color ; 21 x 15 cm
Materias:
Institut del Teatre (Barcelona, Catalunya) -- Currículums (Ensenyament)
; Teatre -- Ensenyament
; Tecnologia en el teatre -- Ensenyament
; Fulletons
Idioma:
Catalán
MARC
| LEADER | 00000nam a22000007a 4500 | ||
|---|---|---|---|
| 001 | 29392 | ||
| 003 | AGDB | ||
| 005 | 20260324181548.0 | ||
| 008 | 260216b spa||||| |||| 00| 0 cat d | ||
| 017 | |a B 6103-2024 | ||
| 040 | |a agdb |b cat | ||
| 041 | |a cat | ||
| 245 | |a Institut del Teatre : |b Postgrau Escena i Tecnologia Digital 2024/25 / |c Institut del Teatre | ||
| 260 | |a Barcelona : |b Institut del Teatre ; |b Diputació de Barcelona, |c 2024 | ||
| 300 | |a 1 tríptic : |b il·lustracions en color ; |c 21 x 15 cm | ||
| 610 | 1 | 0 | |a Institut del Teatre (Barcelona, Catalunya) |9 52662 |x Currículums (Ensenyament) |
| 650 | 0 | |a Teatre |2 Arxiu |x Ensenyament |9 20099 | |
| 650 | 0 | |a Tecnologia en el teatre |x Ensenyament |9 73038 | |
| 655 | 0 | |a Fulletons |9 55858 | |
| 710 | 1 | |a Institut del Teatre (Barcelona, Catalunya) |9 52662 | |
| 710 | 1 | |a Barcelona (Catalunya : Província). |b Diputació |9 52408 | |
| 942 | |2 udc |c ARXIU |n 1 | ||
| 952 | |0 0 |1 0 |2 udc |4 0 |6 FU7962 |7 1 |9 99164 |a Arxiu |b Arxiu |d 2026-02-16 |l 0 |o FU-79-62 |p 29392 |r 2026-02-16 13:09:07 |w 2026-02-16 |y ARXIU | ||
| 999 | |c 130818 |d 130818 | ||